书目信息 |
| 题名: |
梦溪笔谈
|
|
| 作者: | 沈括 撰 | |
| 分册: | ||
| 出版信息: | 延吉 延边人民出版社 2004.07 |
|
| 页数: | 391页 | |
| 开本: | 20cm | |
| 丛书名: | 中国古典文学名著荟萃 | |
| 单 册: | ||
| 中图分类: | I264.1 , Z429.441 | |
| 科图分类: | ||
| 主题词: | 全集--中国--全集--中国 , 选集--中国 | |
| 电子资源: | ||
| ISBN: | 7-80648-482-5 | |
| 000 | 00670nam0 2200241 450 | |
| 001 | 0756289837 | |
| 005 | 20080918153326.75 | |
| 010 | @a7-80648-482-5@dCNY26.80 | |
| 100 | @a20070328d2004 km y0chiy0120 ea | |
| 101 | 0 | @achi |
| 102 | @aCN | |
| 200 | 1 | @a梦溪笔谈@Ameng xi bi tan@f(北宋)沈括撰@F(bei song)shen kuo zhuan |
| 210 | @a延吉@c延边人民出版社@d2004.07 | |
| 215 | @a391页@d20cm | |
| 225 | 2 | @a中国古典文学名著荟萃 |
| 410 | 0 | @12001 @a中国古典文学名著荟萃 |
| 606 | 0 | @a全集@x中国@a全集@x中国 |
| 606 | 0 | @a选集@x中国 |
| 690 | @aI264.1@v3 | |
| 690 | @aZ429.441@v4 | |
| 701 | 0 | @a沈括@Ashen kuo@4撰 |
| 801 | 0 | @aCN@c20080918 |
| 905 | @a10447@dZ429.441@eS3961 | |
| 梦溪笔谈/(北宋)沈括撰.-延吉:延边人民出版社,2004.07 |
| 391页;20cm.-(中国古典文学名著荟萃) |
| ISBN 7-80648-482-5:CNY26.80 |
| ● |
| 相关链接 |
|
|
|
正题名:梦溪笔谈
索取号:Z429.441/S3961
 
预约/预借
| 序号 | 登录号 | 条形码 | 馆藏地/架位号 | 状态 | 备注 |
| 1 | 447950 | 204479509 | 自科二线504/501自科库 131排2列1层/ [索取号:Z429.441/S3961] | 在馆 | |
| 2 | 447951 | 204479518 | 自科库501/501自科库 131排2列1层/ [索取号:Z429.441/S3961] | 在馆 | |
| 3 | 447952 | 204479527 | 自科库501/501自科库 131排2列1层/ [索取号:Z429.441/S3961] | 在馆 |